000
00210 a2200097 4500
001
24783
100
_a
S.A.E
245
_a
Aerospace automative drawing standards
260
_a
_b
S.A.E
_c
090
_c
16748
_d
16748
942
_a
NUST-CAE
_c
M
_c
7500
999
_c
259856
_d
259856